| 000 | 00333nam a2200121Ia 4500 | ||
|---|---|---|---|
| 005 | 20251222141857.0 | ||
| 008 | 251222s9999||||xx |||||||||||||| ||spa|| | ||
| 082 | _a350.147/M26 | ||
| 100 | _aMartí Martí, C. | ||
| 245 | 0 | _aCódigo de Moral Política | |
| 264 | _bInstituto Católico de Estudios Sociales de Barcelona | ||
| 942 | _cLIB | ||
| 999 |
_c7936 _d7936 |
||